00427caa a22001812a 4500001000900000003001100009008004700020092001500067100003200082245003600114245001000150300001200160440000700172260002200179650002000201942000900221999001500230 001071 AR-FADEU 311216n############xxu####################dd aPP(302)TEL aCebrián Herreros, Mariano bEl video industrial en España aTelos a137-142 n16 cdic. feb. 1988-89 aVIDEO-INDUSTRIA cPPGR c3849d3849